| 000 | 00636nam a2200217 a 4500 | ||
|---|---|---|---|
| 001 | 50457 | ||
| 003 | BD-RjUL | ||
| 005 | 20211209075518.0 | ||
| 008 | 160827s1964 enka 001 0 eng | ||
| 035 | _a(BD-RjUL) 50577 | ||
| 040 |
_aDLC _cNRC _dNRC _dUKM _dEQO _dBD-RjUL _beng |
||
| 041 | _aeng | ||
| 082 |
_a515.63 _223 _bMAE 1964 |
||
| 100 | 1 |
_aMacbeath, A. M. _q(Alexander Murray) _9151176 |
|
| 245 | 1 | 0 |
_aElementary vector algebra / _cA. M. Macbeath |
| 260 |
_aLondon : _bOxford University Press, _cc1964. |
||
| 300 |
_a127 p. : _bill. ; _c22 cm. |
||
| 500 | _aIncludes index. | ||
| 650 | 0 |
_aVector analysis. _9151177 |
|
| 942 |
_2ddc _cBK |
||
| 999 |
_c50457 _d50457 |
||